1663 1100 1070 1245 1045 1511 1654 1313 1941 1099 1555 1245 1793 1877 1145 1605 1128 1390 1450 1302 1386 1438 1887 1537 1409 1445 1481 1410 1317 1177 1395 1270 1488 1723 1295 1434 1838 1721 1623 1552 1895 1996 1687 1650 1692 1467 1609 1611 1399 1034 1359 1376 1340 1922 1354 1996 1470 1625 1396 1162 1101 1174 1368 1808 1119 1461 1311 1675 1934 1615 1069 1537 1600 1698 1437 1083 1490 1250 1043 1624 1901 1641 1922 1862 1912 1142 1086 1521 1842 1683 1079 1818 1024 1426 1125 1231 1134 1236 1186 BCNSPRNW ULIB Ver.6.0+V

เปลี่ยนเป็นภาษาไทย

Change to English
 แสดงรายละเอียดบรรณานุกรม
  กลับหน้าหลัก

Brief Record : Get Marc (ISO 2709) : E-mail record : QR code < ปิดหน้าต่าง
LEADER : 00000nam 2200000uu 4500
001    13399122710
003     ULIB
008    020711s2555 th a 000 0 tha d
020    9789742473709
050  4 DS520^bป533ร
100    ปัทมาพร คำโท
245    เราคืออาเซียน-- ไทย /^cปัทมาพร คำโท
250    พิมพ์ครั้งที่ 4
260    กรุงเทพฯ :^bอมรินทร์คอมมิกส์,^c2555
300    61 หน้า
440  0 ชุด เราคืออาเซียน
650  7 ประชาคมอาเซียน
650  7 อาเซียน
650  7 ไทย
945    ^p75^l0^i20149
999    ^aทศพร เกษรทอง
รายการนี้ยังไม่มีแท็ก
คุณยังไม่ได้ล็อกอิน คุณสามารถมีกิจกรรมร่วมกับเว็บไซต์ได้ แต่ต้องล็อกอินก่อน ::
  ล็อกอิน

รายการสื่อสารสนเทศ

ลำดับที่ ประเภท เลขเรียก/บาร์โค้ด สถานที่ สถานะ
1. การศึกษาทั่วไป
การศึกษาทั่วไป
DS520 ป533ร ฉ.1 
  Barcode: 20149
ห้องสมุดวิทยาเขตนครสวรรค์
►หนังสือทั่วไป:l:General Books
บนชั้น

รายการใกล้เคียง
    ผู้แต่ง [ปัทมาพร คำโท]

    หัวเรื่อง [ประชาคมอาเซียน]
    หัวเรื่อง [อาเซียน]
    หัวเรื่อง [ไทย]

BibComment


ยังไม่เคยถูกคอมเมนท์

คอมเมนท์ทรัพยากรรายการนี้
  คอมเมนท์: เราคืออาเซียน ไทย..


 Copyright 2026. Bcnsprnw @Library